[Event "Integracyjny Turniej FIANCHETTO"]
[Site "Jastrzebia Gora"]
[Date "2013.??.??"]
[Round "8.21"]
[White "Ostrowski, Michal"]
[Black "Piasecki, Stanislaw"]
[Result "0-1"]
[WhiteElo "1391"]
[BlackElo "1648"]
[PlyCount "92"]
[EventDate "2013.??.??"]

1. Nc3 e5 2. e4 Nf6 3. Nf3 Nc6 4. a3 d6 5. Bc4 Be7 6. h3 h6 7. d3 a6 8. Ne2 b6
9. Ng3 Bb7 10. b4 b5 11. Bb3 O-O 12. c3 Rb8 13. Nf5 Bc8 14. Nxe7+ Nxe7 15. Nh4
d5 16. O-O c6 17. Qe2 Be6 18. Bc2 Qd7 19. f4 dxe4 20. fxe5 exd3 21. Bxd3 Nfd5
22. Bb2 Rfd8 23. Rad1 Qa7+ 24. Rf2 Nf4 25. Bh7+ Kxh7 26. Qe4+ Nfg6 27. Rxd8
Rxd8 28. Qc2 Qd7 29. Kh2 Kg8 30. Nf3 Qc7 31. Qe2 Bc4 32. Qe4 Rd5 33. g3 Nxe5
34. Nxe5 Qxe5 35. Qxe5 Rxe5 36. g4 Re2 37. Kg3 Rxf2 38. Kxf2 g6 39. Ke3 f5 40.
g5 hxg5 41. Bc1 Kf7 42. Kd4 f4 43. Ke5 f3 44. Be3 Nf5 45. Bf2 Nh4 46. Kd4 46...
Nf5+ {(...60)} 0-1

[Event "Integracyjny Turniej FIANCHETTO"]
[Site "Jastrzebia Gora"]
[Date "2013.??.??"]
[Round "8.22"]
[White "Panczuk, Boleslaw"]
[Black "Grobelna, Ewa"]
[Result "0-1"]
[WhiteElo "1436"]
[BlackElo "1541"]
[PlyCount "46"]
[EventDate "2013.??.??"]

1. d4 d5 2. c4 c6 3. Nf3 Bf5 4. Nc3 e6 5. Bg5 Be7 6. Bxe7 Qxe7 7. a3 Nf6 8. e3
h6 9. Be2 O-O 10. Ne5 Nbd7 11. O-O Qd6 12. f4 Qc7 13. Rf3 a6 14. c5 Nh7 15. Rg3
Ndf6 16. Ng4 Bxg4 17. Bxg4 Rae8 18. Qd3 Qe7 19. Re1 Nxg4 20. Rxg4 f5 21. Rg3
Qh4 22. Ne2 Nf6 23. Rh3 Qxe1# 0-1

[Event "Integracyjny Turniej FIANCHETTO"]
[Site "Jastrzebia Gora"]
[Date "2013.??.??"]
[Round "8.23"]
[White "Korycki, Jozef"]
[Black "Serbinowski, Mieczyslaw"]
[Result "1-0"]
[WhiteElo "1691"]
[BlackElo "1766"]
[PlyCount "37"]
[EventDate "2013.??.??"]

1. e4 e5 2. Nf3 Nc6 3. Bc4 Be7 4. d3 Nf6 5. c3 O-O 6. h3 d5 7. exd5 Nxd5 8. O-O
Be6 9. Re1 Bf6 10. Nbd2 Re8 11. Ne4 Be7 12. Nfg5 Bf5 13. Qe2 h6 14. Nf3 Nf6 15.
Ng3 Bh7 16. Be3 Bd6 17. d4 exd4 18. Nxd4 Bxg3 19. fxg3 {(...42)} 1-0

[Event "Integracyjny Turniej FIANCHETTO"]
[Site "Jastrzebia Gora"]
[Date "2013.??.??"]
[Round "8.25"]
[White "Jagiello, Adolf"]
[Black "Lenart, Franciszek"]
[Result "1-0"]
[WhiteElo "1376"]
[BlackElo "1573"]
[PlyCount "26"]
[EventDate "2013.??.??"]

1. d4 d5 2. Nc3 e6 3. Nf3 f5 4. Bf4 Be7 5. e3 c6 6. Bxb8 Rxb8 7. Bd3 Nf6 8. b3
Qa5 9. Qd2 O-O 10. a3 Qb6 11. b4 Qc7 12. O-O Ne4 13. Nxe4 13... fxe4 {(...23)}
1-0

[Event "Integracyjny Turniej FIANCHETTO"]
[Site "Jastrzebia Gora"]
[Date "2013.??.??"]
[Round "8.26"]
[White "Tomczyk, Ryszard"]
[Black "Czarkowski, Jan"]
[Result "1-0"]
[WhiteElo "1460"]
[BlackElo "1289"]
[PlyCount "50"]
[EventDate "2013.??.??"]

1. e4 e5 2. Bc4 Nh6 3. Nf3 d6 4. h3 f5 5. d3 fxe4 6. dxe4 c6 7. Nc3 b5 8. Bb3
g6 9. a3 Bb7 10. Be3 b4 11. Na4 bxa3 12. bxa3 Qe7 13. O-O Nd7 14. Bc4 Nf6 15.
Qd3 Rd8 16. Ng5 d5 17. exd5 cxd5 18. Bb5+ Rd7 19. Nc5 Bc6 20. Bxc6 Kd8 21.
Nge6+ Qxe6 22. Nxe6+ Ke7 23. Nxf8 Rxf8 24. Bc5+ Rd6 25. Bxd6+ Kxd6 1-0

[Event "Integracyjny Turniej FIANCHETTO"]
[Site "Jastrzebia Gora"]
[Date "2013.??.??"]
[Round "8.27"]
[White "Krupecka-czarkowska, Danuta"]
[Black "Przybylak, Gabriela"]
[Result "1-0"]
[WhiteElo "1230"]
[BlackElo "1376"]
[PlyCount "74"]
[EventDate "2013.??.??"]

1. e4 c5 2. d4 e6 3. d5 d6 4. Bc4 e5 5. Bb5+ Nd7 6. Nc3 h6 7. Nf3 a6 8. Bc4 b5
9. Be2 Be7 10. a4 b4 11. Nb1 Qc7 12. c3 Qb7 13. g3 Ngf6 14. Nh4 Nb8 15. Bf3 a5
16. Nf5 Bxf5 17. exf5 Na6 18. g4 Kd7 19. Be3 Nc7 20. c4 Raf8 21. Nd2 Kc8 22.
Nb3 Qb6 23. Nd2 g6 24. Ne4 Nxe4 25. Bxe4 g5 26. Qf3 f6 27. h4 Na6 28. hxg5 hxg5
29. Rxh8 Rxh8 30. Kd2 Qd8 31. Rh1 Qg8 32. Rxh8 Qxh8 33. Qg2 Nc7 34. Qg1 Ne8 35.
Bf3 Ng7 36. Kd3 Ne8 37. Ke2 37... Bf8 {(...74) time} 1-0

[Event "Integracyjny Turniej FIANCHETTO"]
[Site "Jastrzebia Gora"]
[Date "2013.??.??"]
[Round "9.2"]
[White "Wroblewski, Mieczyslaw"]
[Black "Kiedrowicz, Jan"]
[Result "0-1"]
[WhiteElo "1825"]
[BlackElo "2312"]
[PlyCount "50"]
[EventDate "2013.??.??"]

1. e4 g6 2. d4 Bg7 3. Nf3 d6 4. h3 c5 5. c3 Nf6 6. Bd3 O-O 7. O-O Nc6 8. d5 Ne5
9. Nxe5 dxe5 10. Be3 c4 11. Bc2 e6 12. Bg5 exd5 13. Bxf6 Qxf6 14. Qxd5 Be6 15.
Qc5 Bh6 16. f3 Bf4 17. Qf2 Qg5 18. Kh1 Qh6 19. Re1 Rfd8 20. b3 Bd2 21. Nxd2
Rxd2 22. Re2 Rad8 23. Rae1 Rxe2 24. Rxe2 Qc1+ 25. Kh2 25... b6 {(...45)} 0-1

[Event "Integracyjny Turniej FIANCHETTO"]
[Site "Jastrzebia Gora"]
[Date "2013.??.??"]
[Round "9.3"]
[White "Krawcewicz, Lucyna"]
[Black "Bakalarz, Leszek"]
[Result "0-1"]
[WhiteElo "1935"]
[BlackElo "2148"]
[PlyCount "92"]
[EventDate "2013.??.??"]

1. d4 Nf6 2. Nf3 c5 3. d5 e6 4. c4 exd5 5. cxd5 d6 6. Nc3 g6 7. e4 Bg7 8. Bb5+
Bd7 9. Bxd7+ Nbxd7 10. O-O O-O 11. Bg5 a6 12. a4 Re8 13. Qc2 b6 14. h3 Qc7 15.
Rfe1 Rab8 16. Nd2 b5 17. axb5 axb5 18. Ra6 b4 19. Rc6 $11 19... Qa7 20. Ne2 Bf8
21. Bf4 Ne5 22. Bxe5 Rxe5 23. Kf1 Ree8 24. Qc4 Ra8 25. Ng3 Nd7 26. Nb3 Ne5 27.
Qb5 Reb8 28. Qe2 Nxc6 29. dxc6 Qb6 30. e5 Re8 31. Qc4 dxe5 32. Ne4 Qxc6 33. Rc1
Qa6 34. Qxa6 Rxa6 35. Nbxc5 Rc6 36. Nd3 Rxc1+ 37. Nxc1 Rc8 38. Nd3 f5 39. Ng3
e4 40. Ne1 Bg7 41. b3 Rc3 42. Ke2 Rxb3 43. Kd1 Rb1+ 44. Ke2 b3 45. Nf1 Bc3 46.
Nd2 Rb2 0-1

[Event "Integracyjny Turniej FIANCHETTO"]
[Site "Jastrzebia Gora"]
[Date "2013.??.??"]
[Round "9.4"]
[White "Pioch, Zygmunt"]
[Black "Winiarski, Kazimierz"]
[Result "1-0"]
[WhiteElo "2086"]
[BlackElo "1908"]
[PlyCount "47"]
[EventDate "2013.??.??"]

1. e4 e6 2. d4 d5 3. e5 c5 4. c3 Nc6 5. Nf3 Qb6 6. a3 Nh6 7. b4 cxd4 8. cxd4
Nf5 9. Be3 Be7 10. Nc3 Qd8 11. Bd3 Nxe3 12. fxe3 Bg5 13. Qe2 O-O 14. Nxg5 Qxg5
15. O-O Bd7 16. Rf3 g6 17. Raf1 Rac8 18. Nb5 Be8 19. Nd6 Rc7 20. Qf2 Qd8 21.
Rf6 Nb8 22. Qh4 Qe7 23. Qh6 Nd7 24. R1f3 1-0

[Event "Integracyjny Turniej FIANCHETTO"]
[Site "Jastrzebia Gora"]
[Date "2013.??.??"]
[Round "9.5"]
[White "Witusik, Jerzy"]
[Black "Rogalski, Krzysztof"]
[Result "0-1"]
[WhiteElo "1807"]
[BlackElo "1765"]
[PlyCount "61"]
[EventDate "2013.??.??"]

1. e4 c5 2. Nf3 e6 3. d4 cxd4 4. Nxd4 a6 5. Nc3 Qc7 6. Be3 Nf6 7. f3 Bb4 8. Qd2
d5 9. Bd3 dxe4 10. fxe4 Nbd7 11. Nde2 Nc5 12. Bxc5 Bxc5 13. h3 O-O 14. O-O-O b5
15. Rhf1 Be7 16. Ng1 Bb7 17. Rde1 b4 18. Nb1 Rfd8 19. Qf4 Qxf4+ 20. Rxf4 Rac8
21. Kd2 e5 22. Rxf6 Bxf6 23. Nf3 Rd6 24. a4 g6 25. a5 Bg7 26. Ke3 Rc5 27. Nbd2
Bc8 28. Nb3 Rc7 29. h4 Be6 30. Nbd2 h6 31. Rf1 {(...57)} 0-1

[Event "Integracyjny Turniej FIANCHETTO"]
[Site "Jastrzebia Gora"]
[Date "2013.??.??"]
[Round "9.6"]
[White "Jackowski, Ryszard"]
[Black "Najdzionek, Boleslaw"]
[Result "0-1"]
[WhiteElo "1766"]
[BlackElo "1911"]
[PlyCount "50"]
[EventDate "2013.??.??"]

1. e4 e5 2. Nf3 Nc6 3. d4 exd4 4. Nxd4 Nge7 5. Nxc6 Nxc6 6. Bd3 Bc5 7. Nc3 a6
8. O-O Ne5 9. Qe2 d6 10. h3 c6 11. Be3 Bxe3 12. Qxe3 O-O 13. f4 Nxd3 14. cxd3
f5 15. Ne2 Re8 16. Ng3 Qf6 17. Rf2 Bd7 18. Re1 Rad8 19. a3 Bc8 20. Qd2 Qg6 21.
Kh2 h5 22. Qe2 h4 23. Nxf5 Bxf5 24. exf5 Rxe2 25. Rfxe2 25... Qxf5 {(...35)}
0-1

[Event "Integracyjny Turniej FIANCHETTO"]
[Site "Jastrzebia Gora"]
[Date "2013.??.??"]
[Round "9.7"]
[White "Karolak, Jan"]
[Black "Woda, Janusz"]
[Result "1/2-1/2"]
[WhiteElo "1905"]
[BlackElo "1554"]
[PlyCount "84"]
[EventDate "2013.??.??"]

1. Nf3 d5 2. g3 Nf6 3. Bg2 c5 4. O-O Nc6 5. d3 e5 6. c3 Be7 7. Nbd2 O-O 8. Qc2
h6 9. e4 d4 10. a4 Bg4 11. h3 Bxf3 12. Bxf3 a6 13. Bg2 Nh7 14. Nf3 Qd7 15. Bd2
b5 16. cxd4 cxd4 17. axb5 axb5 18. Rxa8 Rxa8 19. Qb3 b4 20. Qd5 Nf6 21. Qb3 Bd6
22. Nh4 Qe6 23. Qxe6 fxe6 24. Rc1 Ra6 25. f4 Nd7 26. f5 Nc5 27. Bf1 Nb3 28. Rc2
Nxd2 29. Rxd2 Kf7 30. fxe6+ Kxe6 31. Nf5 Bf8 32. Rf2 Ra8 33. Be2 g6 34. Nh4 g5
35. Bg4+ Ke7 36. Ng6+ Kd6 37. Nxf8 Ra1+ 38. Kg2 Rb1 39. h4 b3 40. hxg5 hxg5 41.
Ne6 Nb4 42. Nxg5 Nxd3 1/2-1/2

[Event "Integracyjny Turniej FIANCHETTO"]
[Site "Jastrzebia Gora"]
[Date "2013.??.??"]
[Round "9.8"]
[White "Relidzynski, Tadeusz"]
[Black "Wojtowicz, Mieczyslaw"]
[Result "1-0"]
[WhiteElo "1855"]
[BlackElo "1675"]
[PlyCount "63"]
[EventDate "2013.??.??"]

1. e4 e5 2. Nf3 d6 3. d4 exd4 4. Nxd4 g6 5. c4 Bg7 6. Nc3 a6 7. Be3 Bd7 8. Qd2
Nc6 9. Be2 Nxd4 10. Bxd4 Bxd4 11. Qxd4 Qf6 12. Qd2 Ne7 13. O-O O-O 14. Rac1
Rfe8 15. Rfd1 Bc6 16. f3 Rac8 17. b4 b6 18. Nd5 Nxd5 19. cxd5 Bb7 20. a4 Qe5
21. Qd4 f5 22. Qxe5 Rxe5 23. Bd3 fxe4 24. Bxe4 Re7 25. h4 Kf7 26. g4 h6 27. Rd2
g5 28. hxg5 hxg5 29. Kf2 Kf6 30. Rdc2 Ba8 31. b5 a5 32. Bf5 {(...51)} 1-0

[Event "Integracyjny Turniej FIANCHETTO"]
[Site "Jastrzebia Gora"]
[Date "2013.??.??"]
[Round "9.9"]
[White "Wysocki, Mieczyslaw"]
[Black "Olszewski, Jerzy"]
[Result "1-0"]
[WhiteElo "1761"]
[BlackElo "1776"]
[PlyCount "67"]
[EventDate "2013.??.??"]

1. e4 e5 2. Nf3 Nc6 3. d4 exd4 4. Nxd4 g6 5. Bc4 Bg7 6. c3 Nge7 7. O-O O-O 8.
Bg5 Qe8 9. Na3 a6 10. Qd2 Kh8 11. Bh6 d6 12. Nac2 Nxd4 13. cxd4 b5 14. Bd3 Bb7
15. Rac1 Qd7 16. Bxg7+ Kxg7 17. Qg5 Rae8 18. Ne3 Ng8 19. f3 Rc8 20. h4 Kh8 21.
h5 Qe7 22. Qg4 Nf6 23. Qg5 Nd5 24. Qxe7 Nxe7 25. hxg6 hxg6 26. Kf2 Kg7 27. Rh1
Rh8 28. Rxh8 Kxh8 29. Ng4 Kg7 30. e5 Bd5 31. b3 Be6 32. Nf6 dxe5 33. dxe5 c5
34. Be4 {(...68)} 1-0

[Event "Integracyjny Turniej FIANCHETTO"]
[Site "Jastrzebia Gora"]
[Date "2013.??.??"]
[Round "9.10"]
[White "Wojcieszyn, Zdzislaw"]
[Black "Salamon, Jan"]
[Result "1-0"]
[WhiteElo "2005"]
[BlackElo "1788"]
[PlyCount "39"]
[EventDate "2013.??.??"]

1. c4 Nf6 2. Nc3 c5 3. Nf3 Nc6 4. d4 cxd4 5. Nxd4 a6 6. g3 g6 7. Bg2 Bg7 8. O-O
O-O 9. e3 Rb8 10. Rb1 e6 11. b3 Qc7 12. Ba3 Qa5 13. Bxf8 Bxf8 14. Nxc6 bxc6 15.
Na4 d5 16. Qd4 Nd7 17. cxd5 cxd5 18. Rbc1 Bb7 19. Qc3 Qb5 20. Qb2 {(...32)} 1-0

[Event "Integracyjny Turniej FIANCHETTO"]
[Site "Jastrzebia Gora"]
[Date "2013.??.??"]
[Round "9.11"]
[White "Niecko, Stanislaw"]
[Black "Zieba, Teofil"]
[Result "0-1"]
[WhiteElo "1817"]
[BlackElo "1767"]
[PlyCount "114"]
[EventDate "2013.??.??"]

1. c4 e5 2. Nc3 Nf6 3. Nf3 d5 4. cxd5 Nxd5 5. Nxe5 Nxc3 6. bxc3 Bd6 7. Nc4 O-O
8. Nxd6 Qxd6 9. g3 Re8 10. Bg2 c6 11. O-O Bg4 12. f3 Qc5+ 13. d4 Qxc3 14. Bd2
Qxd4+ 15. e3 Qd7 16. fxg4 Na6 17. Bc3 Qxd1 18. Raxd1 Rxe3 19. Bxg7 Kxg7 20. Rd7
Rf8 21. Rxb7 Ra3 22. Rxa7 Rxa2 23. Bxc6 Nb4 24. Rxa2 Nxa2 25. g5 Nb4 26. Be4
Na6 27. h4 Re8 28. Bd5 Re7 29. Kg2 Nc7 30. Bc4 Ne8 31. Kh3 Nd6 32. Bd3 Ne8 33.
Rf3 Re1 34. h5 Re7 35. g4 Nd6 36. Kh4 Ne8 37. Bc2 Re2 38. Bb3 Re7 39. Bc2 Re1
40. Bb3 Re7 41. Rd3 Nc7 42. Rf3 Ne8 43. h6+ Kg8 44. Kh5 Nd6 45. Rd3 Ne8 46. Kh4
Kf8 47. Rd8 Re3 48. Ba4 Re4 49. Bxe8 Rxe8 50. Rxe8+ Kxe8 51. Kg3 Kd7 52. Kf4
Ke6 53. Ke4 Ke7 54. Kf5 Kf8 55. Kf6 Kg8 56. Ke7 Kh8 57. Ke8 Kg8 0-1

[Event "Integracyjny Turniej FIANCHETTO"]
[Site "Jastrzebia Gora"]
[Date "2013.??.??"]
[Round "9.12"]
[White "Schils, Heinz"]
[Black "Strojek, Kazimierz"]
[Result "0-1"]
[WhiteElo "1810"]
[BlackElo "1737"]
[PlyCount "39"]
[EventDate "2013.??.??"]

1. c4 b6 2. Nf3 Nf6 3. d3 Bb7 4. g3 e6 5. Bg2 c5 6. O-O Nc6 7. Nbd2 d5 8. e3
Be7 9. Re1 O-O 10. b3 Ng4 11. Bb2 Bf6 12. Bxf6 gxf6 13. Nf1 f5 14. N3d2 Nf6 15.
a3 Kh8 16. e4 dxe4 17. dxe4 Ne7 18. Qc2 Qc7 19. Ne3 Rae8 20. e5 {(...28)} 0-1

[Event "Integracyjny Turniej FIANCHETTO"]
[Site "Jastrzebia Gora"]
[Date "2013.??.??"]
[Round "9.13"]
[White "Mirski, Jerzy"]
[Black "Borkowski, Jozef"]
[Result "1-0"]
[WhiteElo "1801"]
[BlackElo "1673"]
[PlyCount "23"]
[EventDate "2013.??.??"]

1. d4 d5 2. c4 e6 3. Nc3 Nf6 4. a3 Bd6 5. Nf3 b6 6. e3 Ba6 7. c5 bxc5 8. Bxa6
Nxa6 9. Qa4+ Qd7 10. Qxa6 cxd4 11. exd4 O-O 12. O-O 1-0

[Event "Integracyjny Turniej FIANCHETTO"]
[Site "Jastrzebia Gora"]
[Date "2013.??.??"]
[Round "9.14"]
[White "Piasecki, Stanislaw"]
[Black "Grabczynski, Zdzislaw"]
[Result "0-1"]
[WhiteElo "1648"]
[BlackElo "1797"]
[PlyCount "78"]
[EventDate "2013.??.??"]

1. d4 Nf6 2. c4 g6 3. Nc3 Bg7 4. Nf3 d6 5. e4 c6 6. h3 O-O 7. Be3 Kh8 8. Qd2
Ng8 9. O-O-O a6 10. g4 h6 11. Rg1 Qc7 12. h4 b5 13. Kb1 Bd7 14. Be2 Qb7 15. c5
a5 16. Rc1 a4 17. Kc2 b4 18. Nb1 b3+ 19. Kd1 bxa2 20. Nc3 dxc5 21. dxc5 Be6 22.
Ke1 Nd7 23. Ng5 Bb3 24. Bd4 e5 25. Be3 Rad8 26. Bd3 Ndf6 27. Nf3 Qd7 28. Ke2
Nxg4 29. Bg5 f6 30. Be3 Nxe3 31. Qxe3 Qf7 32. Nd2 h5 33. Qg3 Kh7 34. Nf1 Bh6
35. Ne3 Bf4 36. Qg2 Nh6 37. f3 Rg8 38. Nxa4 Bxa4 39. Bc4 Bb5 0-1

[Event "Integracyjny Turniej FIANCHETTO"]
[Site "Jastrzebia Gora"]
[Date "2013.??.??"]
[Round "9.15"]
[White "Zawada, Andrzej"]
[Black "Grabarczyk, Edmund"]
[Result "1-0"]
[WhiteElo "1718"]
[BlackElo "1394"]
[PlyCount "61"]
[EventDate "2013.??.??"]

1. e4 e5 2. Nf3 Nc6 3. Nc3 d6 4. h3 g6 5. Bb5 Bd7 6. O-O Bg7 7. a3 Nge7 8. d3
O-O 9. Ne2 a6 10. Ba4 b5 11. Bb3 Kh8 12. c3 f5 13. exf5 Bxf5 14. Ng3 Bd7 15.
Ng5 d5 16. c4 bxc4 17. dxc4 Na5 18. cxd5 Nxb3 19. Qxb3 Bb5 20. Rd1 Qd6 21. N3e4
Qb6 22. d6 cxd6 23. Nf7+ Rxf7 24. Qxf7 Nf5 25. Bg5 Ra7 26. Qd5 Qb8 27. Rac1 Nd4
28. Kh1 Bc6 29. Rxc6 Nxc6 30. Qxc6 h6 31. Be3 1-0

[Event "Integracyjny Turniej FIANCHETTO"]
[Site "Jastrzebia Gora"]
[Date "2013.??.??"]
[Round "9.16"]
[White "Budnik, Kazimierz"]
[Black "Krawczyk, Zbigniew"]
[Result "0-1"]
[WhiteElo "1326"]
[BlackElo "1683"]
[PlyCount "62"]
[EventDate "2013.??.??"]

1. e4 c5 2. Nf3 Nc6 3. d4 cxd4 4. Nxd4 Nf6 5. Nc3 g6 6. Nb3 d6 7. Bd3 Bg7 8.
O-O O-O 9. Bg5 Bd7 10. Qc1 Re8 11. Bh6 Bh8 12. Kh1 Rc8 13. Qd2 a6 14. f3 b5 15.
a3 Be6 16. Nc1 Qc7 17. N1e2 Na5 18. Nd4 Bd7 19. f4 Ng4 20. f5 Bxd4 21. fxg6
fxg6 22. Rf3 Bxc3 23. bxc3 Qxc3 24. Qf4 Qxa1+ 25. Rf1 Qxf1+ 26. Bxf1 Nxh6 27.
Qxh6 Rxc2 28. Qe3 Nc4 29. Qd3 Rd2 30. Qc3 Rf8 31. Kg1 Rd1 0-1

[Event "Integracyjny Turniej FIANCHETTO"]
[Site "Jastrzebia Gora"]
[Date "2013.??.??"]
[Round "9.17"]
[White "Szydlowski, Wiktor"]
[Black "Grobelna, Ewa"]
[Result "1-0"]
[WhiteElo "1792"]
[BlackElo "1541"]
[PlyCount "83"]
[EventDate "2013.??.??"]

1. e4 e5 2. Nf3 Nc6 3. d4 exd4 4. Bc4 Be7 5. c3 Nf6 6. e5 Ng4 7. cxd4 d5 8. Bb3
Be6 9. O-O Qd7 10. a3 a6 11. Nc3 O-O-O 12. Bc2 h5 13. b4 Na7 14. Na4 f5 15. Nc5
Bxc5 16. dxc5 c6 17. Bd3 Rdf8 18. Qc2 Nh6 19. Nh4 Qf7 20. a4 Rhg8 21. f4 g6 22.
Nf3 Qc7 23. Nd4 Qd7 24. Bd2 Nf7 25. b5 Kb8 26. bxa6 bxa6 27. Bxa6 Ka8 28. Ba5
Rb8 29. Bb6 Nc8 30. a5 Re8 31. Be2 Nd8 32. Qd3 Na7 33. Rfb1 Qb7 34. Bxa7 Qxa7
35. Rxb8+ Qxb8 36. Rb1 Qa7 37. Rb6 Bc8 38. a6 Re7 39. Bf3 Rc7 40. Qe2 Ne6 41.
Nxc6 Rxc6 42. Rxc6 1-0

[Event "Integracyjny Turniej FIANCHETTO"]
[Site "Jastrzebia Gora"]
[Date "2013.??.??"]
[Round "9.19"]
[White "Kondrusik, Aleksander"]
[Black "Radwan, Jan"]
[Result "0-1"]
[WhiteElo "1530"]
[BlackElo "1651"]
[PlyCount "49"]
[EventDate "2013.??.??"]

1. e4 e5 2. Nc3 a6 3. g3 Ne7 4. Bg2 Ng6 5. d3 c6 6. Nge2 Bc5 7. f4 exf4 8. Nxf4
O-O 9. d4 Ba7 10. Be3 d6 11. O-O Nd7 12. Nce2 Nge5 13. c3 Nf6 14. Kh1 Neg4 15.
Bg1 b5 16. h3 Nh6 17. Qd2 Bd7 18. Rae1 Rb8 19. Bh2 g5 20. Nd5 Nxd5 21. exd5 c5
22. g4 Kg7 23. Ng3 cxd4 24. Nh5+ Kh8 25. Rf6 {(...32)} 0-1

[Event "Integracyjny Turniej FIANCHETTO"]
[Site "Jastrzebia Gora"]
[Date "2013.??.??"]
[Round "9.20"]
[White "Jasinska-kuzia, Lidia"]
[Black "Zatylny, Jan"]
[Result "1-0"]
[WhiteElo "1598"]
[BlackElo "1583"]
[PlyCount "71"]
[EventDate "2013.??.??"]

1. e4 e6 2. d4 d5 3. e5 a6 4. Be3 Nd7 5. f4 g6 6. Nf3 c5 7. b3 Qb6 8. Nc3 cxd4
9. Bxd4 Bc5 10. Na4 Qc7 11. Nxc5 Nxc5 12. Bd3 Ne7 13. O-O O-O 14. Rc1 b5 15.
Qe1 Nb7 16. Qh4 Nf5 17. Bxf5 exf5 18. Qh6 Nd8 19. Ng5 f6 20. exf6 Ne6 21. Be5
Qd7 22. f7+ Rxf7 23. Nxf7 Qxf7 24. Rf3 Nc5 25. Rc3 Ne6 26. Rg3 Qf8 27. Qxf8+
Kxf8 28. c3 Kf7 29. h4 Nc5 30. h5 Ne4 31. hxg6+ hxg6 32. Rh3 Nf6 33. Bxf6 Kxf6
34. Rh8 Bb7 35. Rxa8 Bxa8 36. Re1 1-0

[Event "Integracyjny Turniej FIANCHETTO"]
[Site "Jastrzebia Gora"]
[Date "2013.??.??"]
[Round "9.21"]
[White "Chmielowski, Stefan"]
[Black "Panczuk, Boleslaw"]
[Result "1-0"]
[WhiteElo "1678"]
[BlackElo "1436"]
[PlyCount "60"]
[EventDate "2013.??.??"]

1. e4 e5 2. Nf3 Nc6 3. Bc4 Nf6 4. d3 Na5 5. Nxe5 Nxc4 6. Nxc4 d6 7. Bg5 Be7 8.
O-O O-O 9. Nbd2 Re8 10. h3 h6 11. Be3 b5 12. Na5 Qd7 13. Qf3 c6 14. Bd4 Qc7 15.
Nab3 Bb7 16. Rac1 c5 17. Be3 a5 18. a3 a4 19. Na1 d5 20. Qg3 Bd6 21. f4 d4 22.
Bxd4 cxd4 23. e5 Nh5 24. Qg4 Qc6 25. Ne4 g6 26. Nxd6 Ba6 27. Qf3 Qxf3 28. Rxf3
Red8 29. g3 Ng7 30. c3 30... Ne6 {(...53)} 1-0

[Event "Integracyjny Turniej FIANCHETTO"]
[Site "Jastrzebia Gora"]
[Date "2013.??.??"]
[Round "9.22"]
[White "Tomczyk, Ryszard"]
[Black "Krupecka-czarkowska, Danuta"]
[Result "1-0"]
[WhiteElo "1460"]
[BlackElo "1230"]
[PlyCount "31"]
[EventDate "2013.??.??"]

1. e4 e5 2. Nf3 Nc6 3. d4 Nf6 4. d5 Ne7 5. Nc3 Ng6 6. a3 Be7 7. h3 d6 8. Bb5+
Bd7 9. Qd3 Nh5 10. g3 h6 11. Be3 Nf6 12. Nd2 Qc8 13. Bc4 Bxh3 14. O-O-O Bg2 15.
Rh2 Bf3 16. Nxf3 {(...54)} 1-0

[Event "Integracyjny Turniej FIANCHETTO"]
[Site "Jastrzebia Gora"]
[Date "2013.??.??"]
[Round "9.25"]
[White "Czarkowski, Jan"]
[Black "Jagiello, Adolf"]
[Result "0-1"]
[WhiteElo "1289"]
[BlackElo "1376"]
[PlyCount "36"]
[EventDate "2013.??.??"]

1. d4 d5 2. Nf3 e6 3. Bg5 Nf6 4. Nbd2 Be7 5. e3 Bd7 6. Bd3 h6 7. Bh4 O-O 8. c4
c6 9. c5 b6 10. cxb6 Qxb6 11. b3 c5 12. dxc5 Bxc5 13. Ne5 Bb5 14. Bc2 Nbd7 15.
Bxf6 Nxf6 16. a4 Ba6 17. Rb1 Bxe3 18. fxe3 Qxe3+ 0-1

[Event "Integracyjny Turniej FIANCHETTO"]
[Site "Jastrzebia Gora"]
[Date "2013.??.??"]
[Round "9.27"]
[White "Przybylak, Gabriela"]
[Black "Pilecki, Jozef"]
[Result "1-0"]
[WhiteElo "1376"]
[BlackElo "1399"]
[PlyCount "66"]
[EventDate "2013.??.??"]

1. e4 e5 2. d3 Bc5 3. Nf3 Nc6 4. h3 d6 5. Nc3 Nge7 6. Bd2 h6 7. a3 a6 8. Be2
Be6 9. Na2 Nd4 10. Nxd4 Bxd4 11. c3 Ba7 12. Qc1 Nc6 13. Be3 d5 14. Bxa7 Rxa7
15. Bf3 d4 16. b4 Bxa2 17. Rxa2 dxc3 18. Qxc3 Nd4 19. Bg4 Qd6 20. O-O h5 21.
Bd1 c6 22. f3 O-O 23. Rff2 b6 24. f4 Nb5 25. Qb3 Qd4 26. Kh1 exf4 27. Rxf4 g6
28. Raf2 Qe5 29. Qa2 Nd4 30. Bb3 Nxb3 31. Qxb3 Kg7 32. Qc2 Rc7 33. Qe2 Qc3 1-0